000 00647nam a2200217 a 4500
001 13677
003 BD-JhCC
005 20240313202842.0
008 240313b2016 nyu |||| ||a| 001 0 eng d
020 _a 9781476763255
035 _a(BD-JhCC)13677
040 _aBD-JhCC
_dBD-JhCC
041 _aenglish
082 _a005.8
_bKAP 2016
100 _a Kaplan, Fred M.
245 _aDark Territory :
_bThe secret history of cyber war /
_cFred M. Kaplan .
260 _aNew York:
_bSimon & Schuster;
_c2016.
300 _a260 p, :
_bill;
_c22 cm
650 _a89.58 political violence
_xCOMPUTERS Security Viruses
_zComputer crimes
942 _2ddc
_cBK
999 _c13677
_d13677